Ιχθυογεννητικός σταθμός : χρήση ΑΠΕ για κάλυψη ενεργειακών αναγκών

Αποθηκεύτηκε σε:
Λεπτομέρειες βιβλιογραφικής εγγραφής
Κύριος συγγραφέας: Ιωακειμίδης, Χρήστος
Συγγραφή απο Οργανισμό/Αρχή: Πανεπιστήμιο Αιγαίου. Σχολή Περιβάλλοντος. Τμήμα Περιβάλλοντος
Μορφή: Thesis Βιβλίο
Γλώσσα:Greek
Δημοσίευση: 2010.
Θέματα:
Διαθέσιμο Online:http://hdl.handle.net/11610/9958
Ετικέτες: Προσθήκη ετικέτας
Δεν υπάρχουν, Καταχωρήστε ετικέτα πρώτοι!

MARC

LEADER 00000cam a2200000 i 4500
001 1/10109
008 100831s2010 gre d
035 |l 10108891 
040 |a GR-MY-UA  |b gre  |e aacr 
041 0 |a gre 
082 0 |a 621.31244  |2 (22) 
100 1 |a Ιωακειμίδης, Χρήστος. 
245 1 0 |a Ιχθυογεννητικός σταθμός :   |b χρήση ΑΠΕ για κάλυψη ενεργειακών αναγκών /   |c Ιωακειμίδης Χρήστος ; επιβλέπων καθηγητής: Δίας Χαραλαμπόπουλος.  
260 |c 2010.  
300 |a 93 σ. :   |b εικ. ;   |c 30 εκ.  
502 |a Πτυχιακή εργασία – Πανεπιστήμιο Αιγαίου, Λέσβος, 2010. 
504 |a Βιβλιογραφία: σ. 80, παράρτημα.  
650 0 0 |a Renewable energy sources  |x Environmental aspects. 
650 0 0 |a Photovoltaic power systems  |x Environmental aspects. 
650 0 0 |a Photovoltaic power generation. 
650 0 0 |a Fish hatcheries. 
650 0 0 |a Fish culture  |z Greece. 
650 0 0 |a Dissertations, Academic  |z Greece. 
700 1 |a Χαραλαμπόπουλος, Δίας,  |e dgs 
710 2 |a Πανεπιστήμιο Αιγαίου.   |b Σχολή Περιβάλλοντος.   |b Τμήμα Περιβάλλοντος. 
852 |a INST  |b LESVOS  |c DIATR  |e 20100831  |h 1261  |p 005100048522  |q 005100048522  |t DIE  |y 23 
852 |a INST  |b LESVOS  |c DIATR  |e 20100831  |h 1262  |p 005100048523  |q 005100048523  |t DIE  |y 23 
856 |u http://hdl.handle.net/11610/9958 
901 |a BIBL1-2010-2 
909 |a Λ  |b 165270 
909 |a Λ  |b 165271 
924 |a ΙΩΑΚΕΙΜΙΔΗΣ  |b ΧΡΗΣΤΟΣ  |y ΛΕΣΒΟΣ  |z 2010-06 
970 |a ΤΖΑΦΕΡΗ  |b ΕΥΑΓΓΕΛΙΑ  |z 2010/08/30